| 000 | 00596nam a2200145Ia 4500 | ||
|---|---|---|---|
| 008 | 170221s9999 xx 000 0 und d | ||
| 100 | _aAlexandr Narmaevich Komandzhaev | ||
| 245 | _aChanges in the Social Structure of the Kalmyk Society in the Late 19th and Early 20th Century | ||
| 245 | _cAlexandr Narmaevich Komandzhaev, Evgeny Alexandrovich Komandzhaev, Valery Vladimirovich Batyrov | ||
| 260 | _bInternational Review of Management and Marketing | ||
| 260 | _cFebruary 2015 | ||
| 300 | _a4:1 | ||
| 650 | _xMarketing. | ||
| 856 | _uhttp://www.econjournals.com/index.php/irmm/issue/view/75 | ||
| 999 |
_c310044 _d310044 |
||